El simbolismo en la mitología griega

Uloženo v:
Podrobná bibliografie
Hlavní autor: Diel, Paul (Autor)
Médium: Kniha
Jazyk:španělština
Vydáno: Madrid Books 1998
Edice:Colección Idea Universitaria
Témata:
Tagy: Přidat tag
Žádné tagy, Buďte první, kdo vytvoří štítek k tomuto záznamu!

MARC

LEADER 00000nam a2200000 a 4500
001 UCP0744
003 CL-VaPUC
008 990319e19980000SP |||||||||||||||||spa|d
082 0 4 |a 182  |b DIE  |2 21 
100 0 |a Diel, Paul  |e author  |9 426249 
245 1 3 |a El simbolismo en la mitología griega 
300 |a 222 p 
942 |c BK 
945 |d 19990319 00:00:00  |a aarredon 
260 |a Madrid  |b Books  |c 1998 
650 0 |a Filosofía griega  |9 265579 
650 0 |a Mitología   |9 255719 
650 0 |a Religiones antiguas  |9 314285 
650 7 |a RELIGIONES PRIMITIVAS  |2 CL-VaPUC  |9 426250 
650 0 |a Psicoanálisis   |9 265702 
583 |a last modification  |c 19990319 00:00:00  |k Rodrigo Vera 
490 0 |a Colección Idea Universitaria 
999 |c 279494  |d 279492 
952 |0 0  |1 0  |4 0  |6 182_000000000000000_DIE_1998  |7 0  |8 A  |9 319039  |a BIBHIS  |b BIBHIS  |d 2019-11-20  |i 3506215  |l 1  |o 182 DIE 1998  |p 3506215  |r 2025-01-20  |s 2024-06-04  |w 2019-11-20  |y BK  |k HIS